Countries with the Lowest Percent of Cultivated Land - Statistics

General Stats
  • This quiz has been taken 34,742 times
  • The average score is 12 of 20
Answer Stats
% Continent Country % Correct
0 Europe Vatican City
89%
0 Europe Monaco
86%
0 Oceania Nauru
75%
1.3 Asia Qatar
65%
1.6 Asia Saudi Arabia
63%
1.0 Asia United Arab Emirates
62%
0.2 Asia Oman
61%
0.4 South America Suriname
60%
0.07 Europe Iceland
59%
0.9 Asia Kuwait
59%
1.2 Africa Libya
58%
0.04 Africa Djibouti
55%
0.4 Africa Mauritania
51%
0.4 Asia Mongolia
49%
1.8 Africa D. R. Congo
48%
1.8 Africa Somalia
47%
1.0 Africa Namibia
45%
1.8 Africa Rep. of the Congo
44%
0.9 North America Bahamas
43%
0.6 Africa Botswana
33%
No matching quizzes found
Score Distribution
Percent of People with Each Score
Percentile by Number Answered
Your Score History
You have not taken this quiz